<?xml version="1.0" encoding="UTF-8"?>
<record
    xmlns:xsi="http://www.w3.org/2001/XMLSchema-instance"
    xsi:schemaLocation="http://www.loc.gov/MARC21/slim http://www.loc.gov/standards/marcxml/schema/MARC21slim.xsd"
    xmlns="http://www.loc.gov/MARC21/slim">

  <leader>00385nam a22001457a 4500</leader>
  <controlfield tag="008">240807b        |||||||| |||| 00| 0 eng d</controlfield>
  <datafield tag="020" ind1=" " ind2=" ">
    <subfield code="a">9780813338040</subfield>
  </datafield>
  <datafield tag="082" ind1=" " ind2=" ">
    <subfield code="a">306.2</subfield>
  </datafield>
  <datafield tag="100" ind1=" " ind2=" ">
    <subfield code="a">Kurtz, Donald V.</subfield>
  </datafield>
  <datafield tag="245" ind1=" " ind2=" ">
    <subfield code="a">Political Anthropology: </subfield>
    <subfield code="b">Paradigms and Power</subfield>
  </datafield>
  <datafield tag="260" ind1=" " ind2=" ">
    <subfield code="a">New York: </subfield>
    <subfield code="b">Routledge,</subfield>
    <subfield code="c">2001.</subfield>
  </datafield>
  <datafield tag="300" ind1=" " ind2=" ">
    <subfield code="a">ix, 251 p.;</subfield>
    <subfield code="c">22.5 Cm.</subfield>
  </datafield>
  <datafield tag="942" ind1=" " ind2=" ">
    <subfield code="2">ddc</subfield>
  </datafield>
  <datafield tag="999" ind1=" " ind2=" ">
    <subfield code="c">9959</subfield>
    <subfield code="d">9960</subfield>
  </datafield>
  <datafield tag="952" ind1=" " ind2=" ">
    <subfield code="0">0</subfield>
    <subfield code="1">0</subfield>
    <subfield code="2">ddc</subfield>
    <subfield code="4">0</subfield>
    <subfield code="7">0</subfield>
    <subfield code="8">MAIN</subfield>
    <subfield code="a">RTCLIB</subfield>
    <subfield code="b">RTCLIB</subfield>
    <subfield code="c">MAIN</subfield>
    <subfield code="d">2024-08-07</subfield>
    <subfield code="h">18577</subfield>
    <subfield code="l">0</subfield>
    <subfield code="o">306.2 KUR C.1</subfield>
    <subfield code="p">30019646</subfield>
    <subfield code="r">2024-08-07 00:00:00</subfield>
    <subfield code="w">2024-08-07</subfield>
    <subfield code="y">MAIN</subfield>
  </datafield>
  <datafield tag="952" ind1=" " ind2=" ">
    <subfield code="0">0</subfield>
    <subfield code="1">0</subfield>
    <subfield code="2">ddc</subfield>
    <subfield code="4">0</subfield>
    <subfield code="7">0</subfield>
    <subfield code="8">MAIN</subfield>
    <subfield code="a">RTCLIB</subfield>
    <subfield code="b">RTCLIB</subfield>
    <subfield code="c">MAIN</subfield>
    <subfield code="d">2024-08-07</subfield>
    <subfield code="h">18578</subfield>
    <subfield code="l">0</subfield>
    <subfield code="o">306.2 KUR C.2</subfield>
    <subfield code="p">30019733</subfield>
    <subfield code="r">2024-08-07 00:00:00</subfield>
    <subfield code="w">2024-08-07</subfield>
    <subfield code="y">MAIN</subfield>
  </datafield>
  <datafield tag="952" ind1=" " ind2=" ">
    <subfield code="0">0</subfield>
    <subfield code="1">0</subfield>
    <subfield code="2">ddc</subfield>
    <subfield code="4">0</subfield>
    <subfield code="7">0</subfield>
    <subfield code="8">MAIN</subfield>
    <subfield code="a">RTCLIB</subfield>
    <subfield code="b">RTCLIB</subfield>
    <subfield code="c">MAIN</subfield>
    <subfield code="d">2024-08-07</subfield>
    <subfield code="h">18579</subfield>
    <subfield code="l">0</subfield>
    <subfield code="o">306.2 KUR C.3</subfield>
    <subfield code="p">30019765</subfield>
    <subfield code="r">2024-08-07 00:00:00</subfield>
    <subfield code="w">2024-08-07</subfield>
    <subfield code="y">MAIN</subfield>
  </datafield>
  <datafield tag="952" ind1=" " ind2=" ">
    <subfield code="0">0</subfield>
    <subfield code="1">0</subfield>
    <subfield code="2">ddc</subfield>
    <subfield code="4">0</subfield>
    <subfield code="7">0</subfield>
    <subfield code="8">MAIN</subfield>
    <subfield code="a">RTCLIB</subfield>
    <subfield code="b">RTCLIB</subfield>
    <subfield code="c">MAIN</subfield>
    <subfield code="d">2024-08-07</subfield>
    <subfield code="h">18580</subfield>
    <subfield code="l">0</subfield>
    <subfield code="o">306.2 KUR C.4</subfield>
    <subfield code="p">30019671</subfield>
    <subfield code="r">2024-08-07 00:00:00</subfield>
    <subfield code="w">2024-08-07</subfield>
    <subfield code="y">MAIN</subfield>
  </datafield>
</record>
